Nihon keizai no kōzō to nōgyō; kōzō zesei no ronri,

Saved in:
Bibliographic Details
Main Author: Miyade, Hideo, 1909-
Format: Book
Language:Japanese
Published: Tōkyō, Meibun Shobō, Shōwa 45 (1970)
Subjects:
Tags: Add Tag
No Tags, Be the first to tag this record!
LEADER 00843nam a2200229u 4500
001 007765741-1
005 20024617120653.0
008 930729s1970 ja b 000 0 jpn d
035 0 |a ocm28535559 
040 |a MoSW  |c MoSW  |d *YNH*  |d CStRLIN 
100 1 |6 880-01  |a Miyade, Hideo,  |d 1909- 
245 1 0 |6 880-02  |a Nihon keizai no kōzō to nōgyō;  |b kōzō zesei no ronri,  |c Miyade Hideo. 
260 |6 880-03  |a Tōkyō,  |b Meibun Shobō,  |c Shōwa 45 (1970) 
300 |a 249 p.  |c 22 cm. 
504 |a Includes bibliographical references. 
650 0 |a Industries  |z Japan  |y 1945- 
650 0 |a Agriculture  |x Economic aspects  |z Japan. 
880 1 |6 100-01  |a 宮出秀雄,  |d 1909- 
880 1 0 |6 245-02  |a 日本経済の構造と農業;  |b 構造是正の論理,  |c 宮出秀雄. 
880 |6 260-03  |a 東京,  |b 明文書房,  |c 昭和45 (1970) 
988 |a 20021217 
906 |0 OCLC